Score 0/54 Timer 05:00
2 Plays Today
Question Answer Wrong Answers
Cairo Egypt
87.8%
Libya
0.2%
Israel
0.2%
Sudan
0.2%
Tunis Tunisia
86.9%
Tanzania
0.7%
Togo
0.3%
Algeria
0.6%
Algiers Algeria
86.5%
Morocco
1.1%
Chad
0.4%
Libya
0.5%
Nairobi Kenya
86.1%
Mozambique
0.9%
Uganda
1%
Somalia
0.6%
Pretoria South Africa
84.2%
Lesotho
1.7%
Eswatini
1.2%
Botswana
1.2%
Tripoli Libya
83.8%
Algeria
2.7%
Sudan
1%
South Sudan
0.7%
Bissau Guinea-Bissau
83%
Guinea
2.8%
Equatorial Guinea
1.5%
Benin
1%
Addis Ababa Ethiopia
82.6%
Eritrea
1.9%
Somalia
2.2%
Sudan
1.6%
Djibouti Djibouti
82.5%
Togo
2.8%
Eritrea
1.2%
South Djibouti
1.9%
Rabat Morocco
81.7%
Algeria
2.5%
Mali
1.8%
Mauritania
2%
Dakar Senegal
80.1%
The Gambia
2.8%
Mali
3.5%
Mauritania
1.8%
Mogadishu Somalia
79.8%
South Sudan
1.9%
Sudan
3.5%
Eritrea
2.8%
Accra Ghana
77.5%
Togo
3.2%
Benin
3.3%
Burkina Faso
3.8%
Khartoum Sudan
76.2%
Chad
5.3%
Libya
2.7%
Eritrea
3.4%
Harare Zimbabwe
74.3%
Zambia
6.3%
Malawi
3.3%
Eswatini
3.7%
Antananarivo Madagascar
73.9%
Mauritius
3.9%
Comoros
5.6%
Seychelles
3.9%
Luanda Angola
73%
Equatorial Guinea
4%
Guinea
3.4%
Cameroon
6.5%
Windhoek Namibia
73%
South Africa
2.8%
Botswana
7.8%
Zambia
4.2%
Kampala Uganda
72.4%
Rwanda
8%
Burundi
4.5%
Kenya
2.5%
Asmara Eritrea
72%
Ethiopia
3.6%
South Sudan
6.9%
Somalia
4.6%
Ouagadougou Burkina Faso
71.9%
Côte d'Ivoire
7.6%
Niger
4.8%
Guinea
3%
São Tomé São Tomé and Príncipe
71.8%
São Tomé and Cabo Verde
8.3%
Cabo Verde
1.3%
São Tomé Islands
7%
Kinshasa Democratic Republic of the Congo
71%
Republic of the Congo
9.5%
Central African Republic
6%
South Africa
0.8%
Monrovia Liberia
70.7%
Sierra Leone
7.4%
Equatorial Guinea
4.8%
Gabon
4.3%
Yaoundé Cameroon
68.9%
Gabon
7.4%
Equatorial Guinea
6.1%
Republic of the Congo
4.4%
Lomé Togo
68.3%
Benin
9.1%
Ghana
2.9%
Burkina Faso
6.7%
Gitega Burundi
67.4%
Rwanda
6.9%
Uganda
4.1%
Malawi
8%
Freetown Sierra Leone
67.3%
Liberia
15.6%
Guinea
2.3%
Ghana
2.7%
Abuja Nigeria
67.3%
Benin
6.3%
Togo
6.7%
Côte d'Ivoire
7%
N'Djamena Chad
66.4%
Sudan
3.3%
Niger
10.6%
South Sudan
6.7%
Moroni Comoros
66.2%
Seychelles
6.4%
Mauritius
9.1%
Tanzania
4.6%
Victoria Seychelles
66%
Mauritius
8.7%
Comoros
6.1%
Cabo Verde
6.4%
Juba South Sudan
65.3%
The Gambia
7.1%
Chad
8.6%
Sudan
6.2%
Yamoussoukro Côte d'Ivoire
64.5%
Liberia
3.9%
Sierra Leone
8%
Mali
10.3%
Lilongwe Malawi
64.4%
Uganda
4.8%
Zambia
7.5%
Burundi
9.7%
Kigali Rwanda
64.1%
Burundi
7.5%
Uganda
8.5%
Malawi
6.9%
Nouakchott Mauritania
64%
Mali
8.9%
Benin
10.1%
Ghana
3.5%
Praia Cabo Verde
63.4%
Seychelles
6.7%
Mauritius
6.1%
Comoros
10.1%
Maputo Mozambique
61.9%
Equatorial Guinea
6.9%
Mali
6.9%
Malawi
11%
Niamey Niger
61.2%
Nigeria
5.4%
Burkina Faso
9.7%
Togo
10.4%
Brazzaville Republic of the Congo
60.8%
Democratic Republic of the Congo
13.1%
Central African Republic
8.4%
Equatorial Guinea
5.1%
Bamako Mali
60.3%
Mauritania
7.7%
Central African Republic
11.1%
Niger
7.5%
Maseru Lesotho
59.8%
Eswatini
13.1%
Malawi
8.4%
Zambia
4.6%
Bangui Central African Republic
59.5%
Democratic Republic of the Congo
5.6%
Republic of the Congo
6.8%
Equatorial Guinea
14.1%
Port Louis Mauritius
59.4%
Seychelles
12.7%
La Réunion
10.5%
Madagascar
4.5%
Mbabane Eswatini
59.2%
Zimbabwe
7.4%
Botswana
11.4%
Malawi
8.4%
Conakry Guinea
59%
Cameroon
9.5%
Equatorial Guinea
13.1%
Liberia
5.1%
Lusaka Zambia
57.9%
Angola
19.3%
South Africa
0.8%
Tanzania
9.2%
Gaborone Botswana
56.4%
Gabon
24.9%
Namibia
3.2%
Angola
2.9%
Dodoma Tanzania
56%
Mozambique
10.3%
Zimbabwe
4.9%
eSwatini
15.4%
Malabo Equatorial Guinea
54.4%
Republic of the Congo
7.3%
Angola
8%
Mali
16.4%
Porto Novo Benin
54.4%
Ghana
3.4%
Gabon
8.6%
Equatorial Guinea
20.4%
Banjul The Gambia
54%
Central African Republic
15%
Burundi
11.7%
South Sudan
5.7%
Libreville Gabon
48.5%
Benin
5.7%
Liberia
18.1%
Sierra Leone
15.2%
Remove Ads.
Support Sporcle.
Get the best of Sporcle when you Go Orange. This ad-free experience offers more features, more stats, and more fun while also helping to support Sporcle. Thank you for becoming a member.

You're not logged in!

Compare scores with friends on all Sporcle quizzes.
OR
Log In

Show Comments

Extras

Top Quizzes Today


Score Distribution

Your Account Isn't Verified!

In order to create a playlist on Sporcle, you need to verify the email address you used during registration. Go to your Sporcle Settings to finish the process.

Report this User

Report this user for behavior that violates our Community Guidelines.

Details: